[Event "BCF-chT4S 1920 (4NCL)"]
[Site "England"]
[Date "2020.01.12"]
[Round "4.143"]
[White "Dasgupta, Avyukt"]
[Black "Ibrahim, Amir"]
[Result "1-0"]
[WhiteElo "1392"]
[BlackElo "1330"]
[PlyCount "79"]
[EventDate "2019.11.09"]
[EventType "team-swiss"]
[EventRounds "11"]
[EventCountry "ENG"]
[SourceTitle "EXT 2022"]
[Source "ChessBase"]
[SourceDate "2021.10.06"]
[SourceVersion "1"]
[SourceVersionDate "2021.10.06"]
[SourceQuality "1"]
[WhiteTeam "Watford II"]
[BlackTeam "Barnet Knights IV"]
[WhiteTeamCountry "ENG"]
[BlackTeamCountry "ENG"]

1. e4 e5 2. f4 d6 3. Nf3 Nc6 4. c3 Nf6 5. Qc2 g6 6. d4 exf4 7. Bxf4 Bg7 8. Bc4 0-0 9. Nbd2 Re8 10. 0-0-0 Ng4 11. Rhf1 Bd7 12. Ng5 Rf8 13. Qb3 Qe7 14. Nxf7 Rxf7 15. Bxd6 Qxd6 16. Rxf7 Kh8 17. e5 Ngxe5 18. dxe5 Nxe5 19. Ne4 Bh6+ 20. Kb1 Qxd1+ 21. Qxd1 Nxf7 22. Qxd7 Ne5 23. Qxc7 Nxc4 24. Qxc4 Rf8 25. Kc2 Bg7 26. Nd6 h6 27. Nxb7 h5 28. Nc5 a6 29. Ne6 Rg8 30. Nxg7 Rxg7 31. Qxa6 Kh7 32. b4 Kh6 33. b5 h4 34. b6 Kh5 35. b7 g5 36. b8Q Rh7 37. Qe2+ Kg6 38. Qd6+ Kg7 39. Qee7+ Kh8 40. Qdd8# 1-0

[Event "BCF-chT4S 1920 (4NCL)"]
[Site "England"]
[Date "2019.11.09"]
[Round "1.154"]
[White "Luberto, Michael"]
[Black "Ibrahim, Amir"]
[Result "1-0"]
[WhiteElo "1952"]
[BlackElo "1330"]
[PlyCount "37"]
[EventDate "2019.11.09"]
[EventType "team-swiss"]
[EventRounds "11"]
[EventCountry "ENG"]
[SourceTitle "EXT 2022"]
[Source "ChessBase"]
[SourceDate "2021.10.06"]
[SourceVersion "1"]
[SourceVersionDate "2021.10.06"]
[SourceQuality "1"]
[WhiteTeam "Watford"]
[BlackTeam "Barnet Knights IV"]
[WhiteTeamCountry "ENG"]
[BlackTeamCountry "ENG"]

1. e4 e5 2. Nf3 Nc6 3. Bb5 a6 4. Ba4 b5 5. Bb3 Bc5 6. 0-0 Bb7 7. c3 Bb6 8. d4 d6 9. Ng5 Nh6 10. Qh5 Qf6 11. Ne6 g6 12. Qxh6 fxe6 13. Bg5 Qf7 14. f4 Qd7 15. f5 exf5 16. exf5 gxf5 17. Be6 Qxe6 18. Qxe6+ Kf8 19. Bh6# 1-0

[Event "BCF-chT4S 1819 (4NCL)"]
[Site "England"]
[Date "2019.05.05"]
[Round "10.135"]
[White "Ibrahim, Amir"]
[Black "Deacon, Matthew"]
[Result "1/2-1/2"]
[WhiteElo "1300"]
[BlackElo "1495"]
[PlyCount "61"]
[EventDate "2018.11.17"]
[EventType "team-swiss"]
[EventRounds "11"]
[EventCountry "ENG"]
[SourceTitle "EXT 2021"]
[Source "ChessBase"]
[SourceDate "2020.10.23"]
[SourceVersion "1"]
[SourceVersionDate "2020.10.23"]
[SourceQuality "1"]
[WhiteTeam "Barnet Knights III"]
[BlackTeam "Wessex III"]
[WhiteTeamCountry "ENG"]
[BlackTeamCountry "ENG"]

1. e4 c5 2. Nf3 g6 3. d4 cxd4 4. Nxd4 Nc6 5. Nc3 Bg7 6. Be3 Nf6 7. Nf3 d6 8. Bc4 0-0 9. 0-0 a6 10. a4 Bd7 11. Qd2 Bg4 12. Be2 Re8 13. Bh6 Bh8 14. h3 Bd7 15. Bc4 Bc8 16. Ng5 e6 17. f4 Nxe4 18. Qd3 Nxc3 19. bxc3 Na5 20. f5 Nxc4 21. Qxc4 d5 22. fxe6 Bxe6 23. Qf4 f5 24. Rae1 Qb6+ 25. Kh1 Rad8 26. g4 Qd6 27. Nxe6 Rxe6 28. Rxe6 Qxe6 29. gxf5 Qe4+ 30. Qxe4 dxe4 31. fxg6 1/2-1/2

[Event "BCF-chT4S 1819 (4NCL)"]
[Site "England"]
[Date "2019.01.12"]
[Round "3.156"]
[White "Ibrahim, Amir"]
[Black "Sreeram, Yashasvini"]
[Result "0-1"]
[WhiteElo "1300"]
[BlackElo "1155"]
[PlyCount "124"]
[EventDate "2018.11.17"]
[EventType "team-swiss"]
[EventRounds "11"]
[EventCountry "ENG"]
[SourceTitle "EXT 2021"]
[Source "ChessBase"]
[SourceDate "2020.10.23"]
[SourceVersion "1"]
[SourceVersionDate "2020.10.23"]
[SourceQuality "1"]
[WhiteTeam "Barnet Knights III"]
[BlackTeam "Crowthorne II"]
[WhiteTeamCountry "ENG"]
[BlackTeamCountry "ENG"]

1. e4 c5 2. Bc4 d6 3. Nc3 Nf6 4. f4 Nc6 5. Nf3 Bg4 6. 0-0 e6 7. Qe1 Be7 8. d3 0-0 9. h3 Bxf3 10. Rxf3 Nd4 11. Rf2 Nd7 12. Qe3 Bf6 13. b3 Nc6 14. Bb2 Bd4 15. Qd2 a6 16. a4 Qh4 17. Raf1 Bxf2+ 18. Rxf2 Na7 19. d4 Qe7 20. Ne2 Nf6 21. Qd3 Rfd8 22. e5 dxe5 23. fxe5 Nd7 24. Qc3 cxd4 25. Nxd4 Nxe5 26. Nf3 Nxf3+ 27. Rxf3 f6 28. Kh2 Qd6+ 29. Rg3 Kh8 30. Qxf6 Qxg3+ 31. Kxg3 gxf6 32. Bxf6+ Kg8 33. Bxd8 Rxd8 34. Kg4 Kf7 35. Kf4 Rd2 36. Ke5 Nc6+ 37. Kf4 Rxg2 38. c3 Rc2 39. Kg5 Rxc3 40. h4 Ne5 41. Kh6 Nxc4 42. bxc4 Rxc4 43. h5 Rxa4 44. Kg5 Ra5+ 45. Kh6 Rxh5+ 46. Kxh5 b5 47. Kh6 b4 48. Kxh7 b3 49. Kh6 b2 50. Kh5 b1Q 51. Kg4 Qf1 52. Kg3 a5 53. Kh4 a4 54. Kg3 a3 55. Kh4 a2 56. Kg3 a1R 57. Kh4 Ra5 58. Kg3 Qd3+ 59. Kg4 Qd4+ 60. Kg3 Ra3+ 61. Kg2 Qd2+ 62. Kf1 Ra1# 0-1